Dopasuj miasto do powiatu - Kujawsko-pomorskie - Statystyki

Ogólne statystyki
  • Ten quiz został rozwiązany 11 razy
  • Średni wynik to 11 z 19
Statystyki odpowiedzi
Hint Odpowiedź % Poprawnych
Chełmno Chełmiński
89%
Tuchola Tucholski
89%
Rypin Rypiński
78%
Koronowo Bydgoski
67%
Kcynia Nakielski
67%
Chełmża Toruński
67%
Wąbrzeźno Wąbrzeski
67%
Łasin Grudziądzki
56%
Gniewkowo Inowrocławski
56%
Strzelno Mogileński
56%
Piotrków Kujawski Radziejowski
56%
Pruszcz Świecki
56%
Kowal Włocławski
56%
Kowalewo Pomorskie Golubsko-Dobrzyński
44%
Barcin Żniński
44%
Nieszawa Aleksandrowski
33%
Górzno Brodnicki
33%
Skępe Lipnowski
33%
Więcbork Sępoleński
33%
Nie znaleziono quizów pasujących do podanych kryteriów
Rozkład punktacji
Procent ludzi z każdym wynikiem
Percentyl według liczby udzielonych odpowiedzi
Twoja historia wyników
Nie rozwiązałeś tego quizu